000 00464nam a2200169 4500
001 VA75389
003 ES-SlBCS
005 20210601161804.0
008 140520s xxu||||| |||| 00| 0 spa d
041 _aspa
110 2 _aEl Norte de Castilla
_9404556
245 1 0 _aTestigo de la historia
_b:135 aƱos de El Norte de Castilla
_cEl Norte De Castilla
260 _a :
_bEl Norte de Castilla
300 _a208 p.;
_c41 cm
650 0 4 _aHistoria
_92130
942 _cBK
999 _c846879
_d846879